[Event "World Open"]
[Site "Philadelphia"]
[Date "2012.07.03"]
[Round "2"]
[White "de Aysa, Manuel"]
[Black "Ortiz, Nadya"]
[Result "1-0"]
[WhiteElo "2203"]
[BlackElo "2230"]
[PlyCount "93"]
[EventDate "2012.07.??"]
[EventType "swiss"]
[EventRounds "9"]
[EventCountry "USA"]
[Source "MonRoi"]

1. d4 Nf6 2. Bg5 c5 3. d5 Ne4 4. Bf4 Qb6 5. Bc1 e5 6. f3 Nf6 7. e4 d6 8. Nd2 g6
9. Nc4 Qd8 10. a4 Bg7 11. Bg5 h6 12. Be3 Na6 13. Qd2 Nc7 14. Bd3 b6 15. Ne2 Rb8
16. O-O a6 17. Ng3 b5 18. axb5 axb5 19. Na5 Bd7 20. b4 c4 21. Be2 h5 22. Bg5
O-O 23. f4 exf4 24. Qxf4 Nce8 25. Rf2 Qb6 26. Raf1 Bg4 27. Nc6 Rb7 28. h3 Bxe2
29. Nxe2 Kh7 30. Kh1 Ng8 31. Qg3 Bh6 32. Bxh6 Nxh6 33. Ned4 Rg8 34. Qh4 Ng7 35.
Qf6 Qc7 36. Ra1 Re8 37. Qf4 f5 38. exf5 Nhxf5 39. Nxf5 Nxf5 40. g4 Ng7 41. Raf1
Qb6 42. Rf3 Ne6 43. Qf6 Rg7 44. gxh5 gxh5 45. Rf5 Kg8 46. Rxh5 Qe3 47. Qh4 1-0

[Event "World Open"]
[Site "Philadelphia"]
[Date "2012.07.05"]
[Round "2"]
[White "Batchuluun, Tsegmed"]
[Black "Williams, Justus"]
[Result "1-0"]
[WhiteElo "2501"]
[BlackElo "2216"]
[PlyCount "59"]
[EventDate "2012.07.??"]
[EventType "swiss"]
[EventRounds "9"]
[EventCountry "USA"]
[Source "MonRoi"]

1. d4 Nf6 2. c4 e6 3. g3 d5 4. Nf3 dxc4 5. Bg2 Nc6 6. Qa4 Bb4+ 7. Bd2 Nd5 8.
Bxb4 Ndxb4 9. Nc3 Bd7 10. O-O a5 11. Qd1 O-O 12. Nd2 Nxd4 13. Bxb7 Rb8 14. Bg2
Bc6 15. Nxc4 Qf6 16. Bxc6 Nbxc6 17. e3 Rb4 18. Nd2 Nb5 19. Nxb5 Rxb5 20. Nc4
Ne5 21. Nxe5 Qxe5 22. b3 a4 23. bxa4 Rb4 24. Rb1 Rxb1 25. Qxb1 g6 26. Rc1 Ra8
27. Qb5 Qd6 28. a5 Qa3 29. Rxc7 Qxa2 30. Rxf7 1-0

[Event "World Open"]
[Site "Philadelphia"]
[Date "2012.07.06"]
[Round "4"]
[White "Batchuluun, Tsegmed"]
[Black "Karavade, Eesha"]
[Result "1/2-1/2"]
[WhiteElo "2501"]
[BlackElo "2343"]
[PlyCount "75"]
[EventDate "2012.07.??"]
[EventType "swiss"]
[EventRounds "9"]
[EventCountry "USA"]
[Source "MonRoi"]

1. d4 e6 2. c4 Nf6 3. g3 d5 4. Nf3 dxc4 5. Bg2 Nc6 6. Qa4 Bb4+ 7. Bd2 Nd5 8.
Bxb4 Ndxb4 9. Na3 Rb8 10. O-O O-O 11. Qb5 b6 12. Qxc4 Ba6 13. Nb5 Qd5 14. Qxd5
Nxd5 15. a4 Na5 16. Ne5 Rbd8 17. Nxa7 Nb4 18. Rac1 Rxd4 19. Nb5 Bxb5 20. axb5
f6 21. e3 Rdd8 22. Nf3 c5 23. bxc6 Nbxc6 24. Rfd1 Rxd1+ 25. Rxd1 Rd8 26. Rxd8+
Nxd8 27. Nd2 Ndc6 28. Bxc6 Nxc6 29. Kf1 Kf8 30. Ke2 Ke7 31. Nc4 b5 32. Na3 Na7
33. Kd3 Kd6 34. b4 e5 35. g4 Kd5 36. e4+ Ke6 37. Ke3 Nc6 38. Nxb5 1/2-1/2

[Event "World Open"]
[Site "Philadelphia"]
[Date "2012.07.07"]
[Round "7"]
[White "Bryant, John"]
[Black "Sethuraman, S."]
[Result "1/2-1/2"]
[WhiteElo "2377"]
[BlackElo "2535"]
[PlyCount "115"]
[EventDate "2012.07.??"]
[EventType "swiss"]
[EventRounds "9"]
[EventCountry "USA"]
[Source "MonRoi"]

1. e4 g6 2. d4 Bg7 3. Nc3 d6 4. g3 Nc6 5. Be3 Nf6 6. h3 e5 7. Nge2 exd4 8. Nxd4
O-O 9. Bg2 Ne5 10. O-O Re8 11. a4 c6 12. b3 a6 13. Kh2 h5 14. Qd2 h4 15. g4
Nfxg4+ 16. hxg4 Nxg4+ 17. Kh1 h3 18. Bf3 c5 19. Bxg4 cxd4 20. Bxd4 Bxg4 21.
Bxg7 Kxg7 22. Qd4+ Kg8 23. f3 Be6 24. f4 Qh4 25. f5 Bxf5 26. Rxf5 gxf5 27. Rg1+
Kf8 28. Qxd6+ Re7 29. exf5 f6 30. Rg3 Rc8 31. Re3 Rce8 32. Nd5 Qg5 33. Rg3 Qxf5
34. Nxe7 Qe4+ 35. Kg1 Qe1+ 36. Kh2 Qxe7 37. Qf4 Kf7 38. Qc4+ Qe6 39. Qxe6+ Rxe6
40. Rxh3 Re2+ 41. Kg1 Kg6 42. Rc3 f5 43. Rc7 Kg5 44. Kf1 Rh2 45. Rxb7 Rxc2 46.
Re7 Kg4 47. Re2 Rc1+ 48. Re1 Rc3 49. b4 f4 50. b5 axb5 51. axb5 Kg3 52. Rb1 Rc8
53. b6 Rh8 54. Kg1 f3 55. Rb3 Re8 56. Rb1 Rh8 57. Rb3 Ra8 58. Rb1 1/2-1/2

[Event "World Open"]
[Site "Philadelphia"]
[Date "2012.07.07"]
[Round "7"]
[White "Nikhil, Shyam"]
[Black "Burnett, Ronald"]
[Result "1/2-1/2"]
[WhiteElo "2502"]
[BlackElo "2350"]
[PlyCount "39"]
[EventDate "2012.07.??"]
[EventType "swiss"]
[EventRounds "9"]
[EventCountry "USA"]
[Source "MonRoi"]

1. e4 g6 2. d4 d6 3. Be3 Bg7 4. Nc3 c6 5. a4 Nf6 6. f3 Qa5 7. Nge2 Nbd7 8. Nc1
O-O 9. Qd2 e5 10. Nb3 Qc7 11. Be2 d5 12. exd5 Nxd5 13. Nxd5 cxd5 14. dxe5 Nxe5
15. Bd4 Bf5 16. Rc1 Bd7 17. Nc5 Rad8 18. Nxd7 Rxd7 19. b3 Re8 20. O-O 1/2-1/2

[Event "World Open"]
[Site "Philadelphia"]
[Date "2012.07.08"]
[Round "8"]
[White "Sethuraman, S."]
[Black "Chakkravarthy, Deepan"]
[Result "1-0"]
[WhiteElo "2535"]
[BlackElo "2468"]
[PlyCount "87"]
[EventDate "2012.07.??"]
[EventType "swiss"]
[EventRounds "9"]
[EventCountry "USA"]
[Source "MonRoi"]

1. e4 c5 2. Nf3 e6 3. d4 cxd4 4. Nxd4 a6 5. Bd3 Bc5 6. Nb3 Ba7 7. O-O Nc6 8. c4
Nf6 9. Nc3 O-O 10. Bg5 Ne5 11. Be2 h6 12. Bh4 Ng6 13. Bg3 e5 14. Qd2 d6 15.
Rfd1 Be6 16. Qxd6 Qxd6 17. Rxd6 Rac8 18. Kf1 Bxc4 19. Bxc4 Rxc4 20. f3 Rfc8 21.
Rad1 Kf8 22. Bf2 Bxf2 23. Kxf2 Rb4 24. R1d2 Ne8 25. Rd8 Rxd8 26. Rxd8 Nf4 27.
g3 Ne6 28. Rb8 N6c7 29. Ke3 Ke7 30. Kd3 Kd7 31. Kc2 Rb6 32. Nc5+ Kc6 33. Nd3
Kd6 34. a4 a5 35. b3 Nf6 36. Nb2 Na6 37. Nc4+ Ke6 38. Rd8 Nb4+ 39. Kb2 Ra6 40.
Nb5 Ke7 41. Rb8 Nd3+ 42. Kc3 Nc5 43. Rc8 Ncd7 44. Rc7 1-0

[Event "World Open"]
[Site "Philadelphia"]
[Date "2012.07.08"]
[Round "9"]
[White "Mitkov, Nikola"]
[Black "Robson, Ray"]
[Result "0-1"]
[WhiteElo "2527"]
[BlackElo "2601"]
[PlyCount "56"]
[EventDate "2012.07.??"]
[EventType "swiss"]
[EventRounds "9"]
[EventCountry "USA"]
[Source "MonRoi"]

1. e4 e6 2. d4 d5 3. Nc3 Bb4 4. Nge2 dxe4 5. a3 Be7 6. Nxe4 Nf6 7. N2c3 O-O 8.
Be3 Nc6 9. Bb5 Nxe4 10. Nxe4 f5 11. Bxc6 bxc6 12. Nc3 f4 13. Bc1 Ba6 14. g3 c5
15. d5 Bb7 16. Bxf4 exd5 17. f3 g5 18. Bd2 d4 19. Ne4 g4 20. Bf4 Qd5 21. O-O
Rae8 22. Re1 gxf3 23. c4 Qc6 24. Kf2 Bd8 25. Nd2 Rxf4 26. Rxe8+ Qxe8 27. gxf4
Bh4+ 28. Kf1 Qe3 0-1